[Event "CAN-ch U08 Girls"]
[Site "Toronto"]
[Date "2001.03.16"]
[Round "3"]
[White "Woodworth, Claire"]
[Black "Golts, Diana"]
[Result "0-1"]
[WhiteElo "1136"]
[BlackElo "1806"]
[PlyCount "62"]
[EventDate "2001.03.??"]
[EventType "tourn"]
[EventRounds "7"]
[EventCountry "CAN"]
[SourceTitle "EXT 2006"]
[Source "ChessBase"]
[SourceDate "2005.11.24"]
[SourceVersion "1"]
[SourceVersionDate "2005.11.24"]
[SourceQuality "1"]

1. d4 Nf6 2. c4 e6 3. Nc3 d5 4. cxd5 exd5 5. Nf3 Be7 6. Bg5 b6 7. e3 0-0 8. Bd3 Bb7 9. 0-0 c5 10. dxc5 bxc5 11. Bc2 Nbd7 12. Re1 Rc8 13. Qd2 h6 14. Bh4 Ne4 15. Nxe4 dxe4 16. Bxe7 Qxe7 17. Nh4 Ne5 18. Nf5 Qf6 19. Ng3 Qc6 20. Bxe4 Qb6 21. Bxb7 Qxb7 22. Qc3 f6 23. Rec1 Rfd8 24. Qa3 Nd3 25. Rd1 Qxb2 26. Qxa7 Qxf2+ 27. Kh1 Qxe3 28. Nf5 Nf2+ 29. Kg1 Nh3+ 30. Kh1 Qg1+ 31. Rxg1 Nf2# 0-1